Accounting and finance for managers : (Record no. 5991)

000 -LEADER
fixed length control field 03030cam a2200541 i 4500
001 - CONTROL NUMBER
control field 21765968
003 - CONTROL NUMBER IDENTIFIER
control field OSt
005 - DATE AND TIME OF LATEST TRANSACTION
control field 20260303114402.0
008 - FIXED-LENGTH DATA ELEMENTS--GENERAL INFORMATION
fixed length control field 201022s2021 enka b 001 0 eng d
010 ## - LIBRARY OF CONGRESS CONTROL NUMBER
LC control number 2020948768
015 ## - NATIONAL BIBLIOGRAPHY NUMBER
National bibliography number GBC0F4236
Source bnb
016 7# - NATIONAL BIBLIOGRAPHIC AGENCY CONTROL NUMBER
Record control number 019971012
Source Uk
020 ## - INTERNATIONAL STANDARD BOOK NUMBER
International Standard Book Number 9781789667530
Qualifying information (hardback)
020 ## - INTERNATIONAL STANDARD BOOK NUMBER
International Standard Book Number 1789667534
Qualifying information (hardback)
020 ## - INTERNATIONAL STANDARD BOOK NUMBER
International Standard Book Number 9781789667516
Qualifying information (paperback)
020 ## - INTERNATIONAL STANDARD BOOK NUMBER
International Standard Book Number 1789667518
Qualifying information (paperback)
020 ## - INTERNATIONAL STANDARD BOOK NUMBER
Canceled/invalid ISBN 9781789667523 (PDF ebook)
035 ## - SYSTEM CONTROL NUMBER
System control number 21765968
035 ## - SYSTEM CONTROL NUMBER
System control number (OCoLC)1202970517
040 ## - CATALOGING SOURCE
Original cataloging agency UKMGB
Language of cataloging eng
Transcribing agency UKMGB
Description conventions rda
Modifying agency OCLCO
-- OCLCF
-- YDX
-- NZTOI
-- YDX
-- HHO
-- DLC
042 ## - AUTHENTICATION CODE
Authentication code lccopycat
050 00 - LIBRARY OF CONGRESS CALL NUMBER
Classification number HF5657.4
Item number .B366 2021
082 04 - DEWEY DECIMAL CLASSIFICATION NUMBER
Classification number 658.1511
Edition number 23
100 1# - MAIN ENTRY--PERSONAL NAME
Personal name Bamber, Matt,
Relator term author.
245 10 - TITLE STATEMENT
Title Accounting and finance for managers :
Remainder of title a business decision making approach /
Statement of responsibility, etc. Matt Bamber and Simon Parry.
250 ## - EDITION STATEMENT
Edition statement Third edition.
264 #1 - PRODUCTION, PUBLICATION, DISTRIBUTION, MANUFACTURE, AND COPYRIGHT NOTICE
Place of production, publication, distribution, manufacture London :
Name of producer, publisher, distributor, manufacturer KoganPage,
Date of production, publication, distribution, manufacture, or copyright notice c2021.
300 ## - PHYSICAL DESCRIPTION
Extent xi, 449 pages :
Other physical details illustrations (black and white) ;
Dimensions 24 cm
336 ## - CONTENT TYPE
Content type term text
Source rdacontent
336 ## - CONTENT TYPE
Content type term still image
Source rdacontent
337 ## - MEDIA TYPE
Media type term unmediated
Source rdamedia
338 ## - CARRIER TYPE
Carrier type term volume
Source rdacarrier
500 ## - GENERAL NOTE
General note Previous edition: 2018.
504 ## - BIBLIOGRAPHY, ETC. NOTE
Bibliography, etc. note Includes bibliographical references and index.
505 0# - FORMATTED CONTENTS NOTE
Formatted contents note Chapter 1: Introduction to accounting -- Chapter 2: Accounting concepts and systems -- Chapter 3: Financial analysis: part I -- Chapter 4: Financial analysis: part II -- Chapter 5: Business planning -- Chapter 6: Budgets and performance management -- Chapter 7: Cash flow and working capital management -- Chapter 8: Pricing decisions -- Chapter 9: Investment decisions -- Chapter 10: Financing decisions -- Chapter 11: Operational decisions.
520 ## - SUMMARY, ETC.
Summary, etc. "Now in its third edition, Accounting and Finance for Managers contains updates on new accounting standards and regulations, as well as featuring up-to-date real-world examples of real options, value chain analysis and competitive advantage analysis. This textbook features 'traditional' accounting practices in detail, but also covers topics with a strategic focus to ensure students learn to think in broader strategic terms. Written for an international audience using International Financial Reporting Standards (IFRS) terminology with supporting online resources including additional exercise questions, curated further reading and lecture slides for each chapter." -- provided by publisher.
650 #0 - SUBJECT ADDED ENTRY--TOPICAL TERM
Topical term or geographic name entry element Managerial accounting
General subdivision Decision making.
650 #0 - SUBJECT ADDED ENTRY--TOPICAL TERM
Topical term or geographic name entry element Business enterprises
General subdivision Finance.
650 #7 - SUBJECT ADDED ENTRY--TOPICAL TERM
Topical term or geographic name entry element Business enterprises
General subdivision Finance.
Source of heading or term fast
Authority record control number or standard number (OCoLC)fst00842558
650 #7 - SUBJECT ADDED ENTRY--TOPICAL TERM
Topical term or geographic name entry element Managerial accounting
General subdivision Decision making.
Source of heading or term fast
Authority record control number or standard number (OCoLC)fst01007324
700 1# - ADDED ENTRY--PERSONAL NAME
Personal name Parry, Simon,
Relator term author.
760 ## - MAIN SERIES ENTRY
Edition 3rd
776 08 - ADDITIONAL PHYSICAL FORM ENTRY
Relationship information ebook version :
International Standard Book Number 9781789667523
906 ## - LOCAL DATA ELEMENT F, LDF (RLIN)
a 7
b cbc
c copycat
d 2
e ncip
f 20
g y-gencatlg
942 ## - ADDED ENTRY ELEMENTS (KOHA)
Source of classification or shelving scheme
Koha item type Book
Suppress in OPAC LK
Holdings
Withdrawn status Lost status Source of classification or shelving scheme Damaged status Not for loan Permanent Location Current Location Date acquired Source of acquisition Full call number Barcode Date last seen Copy number Price effective from Koha item type Public note
          AU LIBRARY AU LIBRARY 03.03.2026 PURCHASE HF5657.4 .B366 2021 C1 28008424 03.03.2026 1 03.03.2026 Book LK
          AU LIBRARY AU LIBRARY 03.03.2026 PURCHASE HF5657.4 .B366 2021 C2 28008420 03.03.2026 2 03.03.2026 Book LK

Powered by Koha